000
00291nam a22001217a 4500
082
_a
920
_b
SRI/S
100
_a
SRINIVAS,SYDNEY
245
_a
SRINIVASA RAMANUJAN
260
_a
BENGALURU
_b
PRISM BOOKS PVT.LTD.
300
_a
164/-
650
_a
LIFE OF SRINIVASA RAMANUJA
_z
BENGALURU
942
_c
BK
999
_c
5690
_d
5690